Neviditelný muž /
Psychologický román významné české autorky, ve kterém dvě časové linky spojuje několik postav i osudů a mísí se v něm válečný konflikt, rodinné vztahy, tajemství, nenávist i láska.
Uloženo v:
| Hlavní autor: | |
|---|---|
| Médium: | E-kniha |
| Jazyk: | Czech |
| Vydáno: |
Brno :
Host,
2024
|
| Vydání: | První vydání |
| Témata: | |
| Tagy: |
Žádné tagy |
| LEADER | 02230cam a2200361 i 4500 | ||
|---|---|---|---|
| 001 | 312500 | ||
| 003 | CZ PrSKC | ||
| 005 | 20260601215723.0 | ||
| 007 | ta | ||
| 008 | 240917s2024 xr g 000 f cze d | ||
| 015 | |a cnb003634045 | ||
| 020 | |a 9788027522125 |q (vázáno) | ||
| 035 | |a (OCoLC)1477950921 | ||
| 040 | |a UOG001 |b cze |d OLA001 |e rda | ||
| 072 | 7 | |a 821.162.3 |x Česká literatura |2 Konspekt | |
| 080 | |a 821.162.3-31 |2 MRF | ||
| 080 | |a (0:82-31) |2 MRF | ||
| 100 | 1 | |a Bellová, Bianca, |d 1970- |7 xx0087781 |4 aut | |
| 245 | 1 | 0 | |a Neviditelný muž / |c Bianca Bellová |
| 250 | |a První vydání | ||
| 264 | 1 | |a Brno : |b Host, |c 2024 | |
| 300 | |a 169 stran ; |c 21 cm | ||
| 336 | |a text |b txt |2 rdacontent | ||
| 337 | |a bez média |b n |2 rdamedia | ||
| 338 | |a svazek |b nc |2 rdacarrier | ||
| 520 | 2 | |a Psychologický román významné české autorky, ve kterém dvě časové linky spojuje několik postav i osudů a mísí se v něm válečný konflikt, rodinné vztahy, tajemství, nenávist i láska. |b Emilia pracuje jako redaktorka v rozhlase. Série nečekaných událostí jí převrátí život vzhůru nohama a ona se vrací do městečka Serafiny, kde se narodila. Z náznaků a narážek postupně skládá příběh své rodiny. Aby mohla začít nový život v současnosti, musí se vyrovnat s dávnými generačními traumaty a pravdou o minulosti svých nejbližších. Kdesi na východě zároveň eskaluje válečný konflikt. Serafina i celá země se propadají do dusivé nálady plné strachu, který probouzí staré křivdy, nevraživost i předsudky. Dvě časové linky spojuje několik postav i osudů. Nakladatelská anotace. Kráceno. | |
| 655 | 7 | |a české romány |7 fd133974 |2 czenas | |
| 655 | 9 | |a Czech fiction |2 eczenas | |
| 900 | |a ABA001 |b 19 | ||
| 044 | |a xr | ||
| 910 | |a RBIT002 | ||
| 998 | |d 414166 |a https://core.palmknihy.cz/api/books/414166/cover?sjpepp |b https://core.palmknihy.cz/api/books/414166/cover/400?sjpepp |c https://core.palmknihy.cz/api/books/414166/cover/50?sjpepp |e 2031-12-31 |g 175 |i 9788027522125 |j https://core.palmknihy.cz/api/books/414166/preview.epub |k https://core.palmknihy.cz/api/books/414166/preview.pdf |l |q 49 |r 1 |s https://www.palmknihy.cz/kniha/414166 |t ebook |y 2024 |z 0 | ||
| 999 | |d 312498 | ||